000 00492cam a2200193ua 4500
003 OSt
008 241030b |||||||| |||| 00| 0 eng d
020 _a81-224-0206-2
041 _aeng
082 _a621.47
_bMOR/AL
100 _aMoreira, Jose R .
_96345
245 _aAlternative liquid fuels /
250 _a1 /
260 _aNew Delhi :
_bWiley Eastern Ltd ,
_c1990.
300 _a157 ; .
700 1 _aSerra, Gil E .
_96346
700 1 _aTrindade, Sergio C .
_96347
942 _cBK
999 _c9120
_d9120